| 000 | 00690nam a2200265Ia 4500 | ||
|---|---|---|---|
| 003 | OSt | ||
| 005 | 20221006142306.0 | ||
| 006 | a|||||r|||| 00| 0 | ||
| 007 | ta | ||
| 008 | 221006b |||||||| |||| 00| 0 eng d | ||
| 020 | _cP14.99 | ||
| 024 | _a5,989 | ||
| 037 | _cTextual | ||
| 040 |
_aEASL _cEASL _beng |
||
| 041 |
_2eng _aeng |
||
| 082 | _aW.41.N92, N6 | ||
| 100 |
_aDREYER June Teufel _9413862 |
||
| 245 | 0 |
_aChina's political system _b Modernization and tradition |
|
| 250 | _a2nd | ||
| 260 |
_aLondon _bMacmillan _c1996 |
||
| 300 |
_a349p. _ccm. |
||
| 490 | _v RS | ||
| 942 |
_hW.41.N92, N6 _cTEXL _2CC |
||
| 999 |
_c1074075 _d1074075 |
||